Home Print Resources E-Books E-Journals IIMT Lecture Series Library Membership Form Book Recommendation Form Campus Tour Take AdmissionAbout Us Contact Us

DESIGIN OF STEEL STRUCTURES (Record no. 7706)

000 -LEADER
fixed length control field 00342nam a2200145Ia 4500
003 - CONTROL NUMBER IDENTIFIER
control field OSt
005 - DATE AND TIME OF LATEST TRANSACTION
control field 20240309123430.0
008 - FIXED-LENGTH DATA ELEMENTS--GENERAL INFORMATION
fixed length control field 170524s9999 xx 000 0 und d
020 ## - INTERNATIONAL STANDARD BOOK NUMBER
International Standard Book Number 938233209X
040 ## - CATALOGING SOURCE
Transcribing agency IIMTU MEERUT
100 ## - MAIN ENTRY--PERSONAL NAME
Personal name BHAVIKATTI-S.S.
245 #0 - TITLE STATEMENT
Title DESIGIN OF STEEL STRUCTURES
260 ## - PUBLICATION, DISTRIBUTION, ETC.
Name of publisher, distributor, etc. I.K. INTERNATIONAL
942 ## - ADDED ENTRY ELEMENTS (KOHA)
Source of classification or shelving scheme
Koha item type Book Bank
Holdings
Withdrawn status Lost status Source of classification or shelving scheme Damaged status Not for loan Home library Current library Date acquired Full call number Barcode Date last seen Uniform Resource Identifier Price effective from Koha item type Total Checkouts Total Renewals Date last checked out
          IIMT University Central Library Meerut IIMT University Central Library Meerut 05/31/2017 R 01-B-80717 05/31/2017 CIVIL ENGINEERING 05/31/2017 Reference Book      
          IIMT University Central Library Meerut IIMT University Central Library Meerut 05/31/2017 R 01-B-80718 05/31/2017 CIVIL ENGINEERING 05/31/2017 Reference Book      
          IIMT University Central Library Meerut IIMT University Central Library Meerut 05/31/2017   01-B-80719 06/05/2018 CIVIL ENGINEERING 05/31/2017 Book Bank 2 1 05/09/2018
          IIMT University Central Library Meerut IIMT University Central Library Meerut 05/31/2017   01-B-80720 04/07/2018 CIVIL ENGINEERING 05/31/2017 Book Bank 1   03/26/2018
          IIMT University Central Library Meerut IIMT University Central Library Meerut 05/31/2017   01-B-80721 04/09/2018 CIVIL ENGINEERING 05/31/2017 Book Bank 2   03/27/2018
IIMT, Central Library. All Rights Reserved IIMT,UNIVERSITY © 2023
Implemented and Customised by I CLOUDE EMS
You Are OPAC Visitor No
free web counter

Powered by Koha